| 000 | 00316nam a22001217a 4500 | ||
|---|---|---|---|
| 082 |
_a574 _bDHA/P |
||
| 100 | _aP.S DHAMI, H.N.SRIVASTAVA, G.CHOPRA | ||
| 245 |
_aA TEXT BOOK OF BIOLOGY _bCLASS XI |
||
| 260 |
_aJALANDHAR _bPRADEEP PUBLICATIONS _c2008 |
||
| 300 | _a365 | ||
| 650 |
_aBIOLOGY FOR CLASS XI _zINDIA |
||
| 942 | _cBK | ||
| 999 |
_c502 _d502 |
||